TV shows (currently airing) by clip Quiz Stats

 Plays Quiz not verified by Sporcle

Score 0/16 Timer 06:00
0 Plays Today
Time TV show % Correct
0.30-0.38House M.D.
75%
0.15-0.22Glee
70.7%
1.02-1.05Two and a half men
68.4%
0.00-0.04CSI: Crime Scene Investigation
66.6%
1.45-1.56The Big Bang Theory
64.6%
2.14-2.26Modern Family
60.9%
1.06-1.16Dexter
41.9%
0.23-0.29Grey's Anatomy
41.2%
Time TV show % Correct
0.39-0.54The Mentalist
36.4%
0.05-0.14Fringe
28.1%
2.27-2.42True Blood
26.6%
1.30-1.44Boardwalk Empire
26.4%
1.17-1.29Weeds
24.7%
2.07-2.13CSI: Miami
24.5%
1.57-2.06Spartacus: Blood and Sand
4.5%
0.55-1.01No Ordinary Family
4%

You're not logged in!

Compare scores with friends on all Sporcle quizzes.
OR
Log In

You Might Also Like...

Show Comments

Extras

Created May 5, 2011ReportNominate
Tags:Clip Quiz, Show Quiz, Audio Quiz

Top Quizzes Today


Score Distribution

Your Account Isn't Verified!

In order to create a playlist on Sporcle, you need to verify the email address you used during registration. Go to your Sporcle Settings to finish the process.

Report this User

Report this user for behavior that violates our Community Guidelines.

Details: